Central Library OPAC University of Rajshahi

A survey of binary systems / (Record no. 6797)

MARC details
000 -LEADER
fixed length control field 00888cam a22002891 4500
001 - CONTROL NUMBER
control field 6797
003 - CONTROL NUMBER IDENTIFIER
rucl marc code BD-RjUL
005 - DATE AND TIME OF LATEST TRANSACTION
control field 20211208234320.0
008 - FIXED-LENGTH DATA ELEMENTS--GENERAL INFORMATION
fixed length control field 140112m19581966gw b 001 0 eng
035 ## - SYSTEM CONTROL NUMBER
System control number (BD-RjUL)6839
System control number (OCoLC)1041786
040 ## - CATALOGING SOURCE
Original cataloging agency DLC
Transcribing agency OYU
Modifying agency OCoLC
-- DLC
-- BD-RjUL
Language of cataloging eng
041 ## - LANGUAGE CODE
Language code of text/sound track or separate title eng
082 ## - DEWEY DECIMAL CLASSIFICATION NUMBER
Classification number 512.89
Author mark and year BRS 1966
100 1# - MAIN ENTRY--PERSONAL NAME
Personal name Bruck, Richard Hubert
9 (RLIN) 21366
245 12 - TITLE STATEMENT
Title A survey of binary systems /
Statement of responsibility, etc. Richard Hubert Bruck
260 ## - PUBLICATION, DISTRIBUTION, ETC. (IMPRINT)
Place of publication, distribution, etc. Berlin :
Name of publisher, distributor, etc. Springer,
Date of publication, distribution, etc. c1958 [Printing 1966].
300 ## - PHYSICAL DESCRIPTION
Pagination 185 p. ;
Size 24 cm.
504 ## - BIBLIOGRAPHY, ETC. NOTE
Bibliography, etc Includes bibliography and index.
650 #0 - SUBJECT ADDED ENTRY--TOPICAL TERM
Topical term or geographic name as entry element Algebra, Abstract.
9 (RLIN) 21368
Topical term or geographic name as entry element Group theory.
9 (RLIN) 20343
Topical term or geographic name as entry element Binary system (Mathematics)
9 (RLIN) 21369
942 ## - ADDED ENTRY ELEMENTS (KOHA)
Source of classification or shelving scheme Dewey Decimal Classification
Koha item type Books
Holdings
Lost status Source of classification or shelving scheme Damaged status Not for loan Collection code Permanent Location Current Location Shelving location Date acquired Source of acquisition Cost, normal purchase price Total Checkouts Full call number Date last seen Copy number Koha item type
  Dewey Decimal Classification   Not For Loan Non-fiction Central Library, University of Rajshahi Central Library, University of Rajshahi Reading Room 30/12/1968 Zaitlinger 81.20   512.89 BRS 1966 12/01/2014 C-1 Books